| 000 | 03085nam a2200397 a 4500 | ||
|---|---|---|---|
| 001 | ebr10483585 | ||
| 003 | CaPaEBR | ||
| 006 | m u | ||
| 007 | cr cn||||||||| | ||
| 008 | 080822s2009 caua sb 001 0 eng d | ||
| 010 | _z 2008037220 | ||
| 020 | _z0520248635 (cloth : alk. paper) | ||
| 020 | _z9780520258914 (pbk. : alk. paper) | ||
| 020 | _z0520258916 (pbk. : alk. paper) | ||
| 020 | _z9780520248632 | ||
| 020 | _z9780520943339 (e-book) | ||
| 040 |
_aCaPaEBR _cCaPaEBR |
||
| 035 | _a(OCoLC)746926637 | ||
| 050 | 1 | 4 |
_aRG940 _b.B55 2009eb |
| 082 | 0 | 4 |
_a362.19/82 _222 |
| 245 | 0 | 0 |
_aBirth models that work _h[electronic resource] / _cedited by Robbie Davis-Floyd ... [et al.]. |
| 260 |
_aBerkeley : _bUniversity of California Press, _cc2009. |
||
| 300 |
_ax, 484 p. : _bill. |
||
| 504 | _aIncludes bibliographical references and index. | ||
| 505 | 0 | 0 |
_tThe Dutch obstetrical system : vanguard of the future in maternity care / _rRaymond De Vries ... [et al.] -- _tThe New Zealand maternity system : a midwifery renaissance / _rChris Hendry -- _tThe Ontario midwifery model of care / _rMargaret E. MacDonald and Ivy Lynn Bourgeault -- _tSamoan midwives' stories : joining social and professional midwives in new models of birth / _rLesley Barclay Utumuu -- _tThe Albany midwifery practice / _rBecky Reed and Cathy Walton -- _tSmall really is beautiful : tales from a freestanding birth center in England / _rDenis Walsh -- _tTransforming the culture of a maternity service : St. George Hospital, Sydney, Australia / _rPat Brodie and Caroline Homer -- _tMaternity homes in Japan : reservoirs of normal childbirth / _rEtsuko Matsuoka and Fumiko Hinokuma -- |
| 505 | 0 | 0 |
_tThe northern New Mexico midwifery center model, Taos, New Mexico / _rElizabeth Gilmore -- _tTeamwork : an obstetrician, a midwife, and a doula in Brazil / _rRicardo Herbert Jones -- _tThe CASA Hospital and professional midwifery school : an education and practice model that works / _rLisa Mills and Robbie Davis-Floyd -- _tMercy in action : bringing mother- and baby-friendly birth centers to the Philippines / _rVicki Penwell -- _tCircles of community : the CenteringPregnancy Group prenatal care model / _rSharon Schindler Rising and Rima Jolivet -- _tHumanizing childbirth to reduce maternal and neonatal mortality : a national effort in Brazil / _rDaphne Rattner ... [et al.] -- _t"Orchestrating normal" : the conduct of midwifery in the United States / _rHolly Powell Kennedy. |
| 533 |
_aElectronic reproduction. _bPalo Alto, Calif. : _cebrary, _d2013. _nAvailable via World Wide Web. _nAccess may be limited to ebrary affiliated libraries. |
||
| 650 | 0 |
_aMaternal health services _vCross-cultural studies. |
|
| 650 | 0 |
_aChildbirth _vCross-cultural studies. |
|
| 650 | 0 |
_aLabor (Obstetrics) _vCross-cultural studies. |
|
| 650 | 0 |
_aMidwifery _vCross-cultural studies. |
|
| 655 | 7 |
_aElectronic books. _2local |
|
| 700 | 1 | _aDavis-Floyd, Robbie. | |
| 710 | 2 | _aebrary, Inc. | |
| 856 | 4 | 0 |
_uhttp://site.ebrary.com/lib/rucke/Doc?id=10483585 _zAn electronic book accessible through the World Wide Web; click to view |
| 999 |
_c225783 _d225783 |
||